Normal view
MARC view
- Zahra, Tasleem
Entry Personal Name
001 - CONTROL NUMBER
- control field: 125551
003 - CONTROL NUMBER IDENTIFIER
- control field: NUST
005 - DATE AND TIME OF LATEST TRANSACTION
- control field: 20240830155006.0
008 - FIXED-LENGTH DATA ELEMENTS
- fixed length control field: 240830|| aca||aabn | a|a d
040 ## - CATALOGING SOURCE
- Original cataloging agency: NUST
- Transcribing agency: NUST
100 ## - HEADING--PERSONAL NAME
- Personal name: Zahra, Tasleem
670 ## - SOURCE DATA FOUND
- Source citation: Work cat.: (NUST): Zahra, Tasleem, Explainable Artificial Intelligence techniques for Clinical Decision Support Systems/
